000 01034nam a22002897a 4500
001 BR8004146
003 BR-BrBNA
005 20230928090642.0
007 ta
008 230509b bl.||||| |||| 00| 0 por d
040 _aBR-BrBNA
_bpor
_cBiblioteca Nacional de Agricultura
041 _a(Por)
072 _aH10; F10
_b0430
_b4020
090 _ 0430 BR8004146
100 1 _aMelo, A.B.P. de
110 1 _aUniversidade Federal da Paraiba, Areia (Brasil). Centro de Ciencias Agrarias
_0Tese (Graduacao)
245 1 _aInfluencia dos parametros meteorologicos no aparecimento do curuquere algodoeiro Alabama argillacea (Nueb, 1818)- (Lepidoptera - Noctuidae)
260 3 _aAreia, PB (Brasil):
_c1980.
300 _a53 p.
500 _a35 ref.; Summaries (Eng, Por). (*) Documento disponível na(o) Universidade Federal da Paraiba, Areia (Brazil). Centro de Ciencias Agrarias
650 _aTEMPERATURA
650 _aALGODAO
650 _aCURUQUERE
650 _aINSETO
909 _a202309
_bLucia
_c55
_dLucia Elande
942 _cBK
999 _c29842
_d29842